| 000 | 00764nam a22001817a 4500 | ||
|---|---|---|---|
| 003 | BD-ChCU | ||
| 005 | 20251109104411.0 | ||
| 008 | 251109b bg ||||| |||| 00| 0 ben d | ||
| 020 | _a9789848153832 | ||
| 040 | _cBD-ChCU | ||
| 082 | _a২১০ আল ৫৫ ই | ||
| 100 |
_aআলম, এ.জেড. এম.শামসুল _915678 |
||
| 245 |
_aইসলাম ও হিন্দু ধর্ম / _cএ.জেড. এম.শামসুল আলম |
||
| 260 |
_aঢাকা: _bইতিহাস সংকলন প্রণয়ন ও গবেষণা সংস্থা, _cc২০১৭ |
||
| 300 | _a৪৪৬ পৃষ্ঠা. | ||
| 650 | 0 |
_aধর্ম- ইসলাম ও হিন্দু ধর্ম _915680 |
|
| 942 |
_2ddc _cBK _n0 |
||
| 999 |
_c109196 _d109196 |
||